000 00265nam a2200109Ia 4500
008 200302s9999 xx 000 0 und d
100 _aJohn Gollings
245 _aCity of Victory Vijayanagara
260 _bAperture Foundation Inc.
260 _c1991
300 _a118 P.,
999 _c968
_d968